000 01230nam a22002777a 4500
005 2009071302472.0
008 090713t xxu||||| |||| 00| 0 hin d
010 _aHIN-87255
020 _c80.00
_a9788187733805
035 _aHN-59601
037 _bDBAD / PUB
040 _adpl
_bhn
082 _a250
100 _aअम्बेडकर, बी.आर.
245 _aबुद्ध या कार्ल मार्क्स /
_cबी.आर.अम्बेडकर
246 _aBudha Ya Karl Marks
_bby B. R. Ambedkar
260 _aदिल्ली
_bगौतम बुक सेन्टर
_c2009
270 _aचन्दन सदन सी-263-ए, गली नं.-9,हरदेवपुरी, शाहदरा
_bदिल्ली
_e110093
_k22810380, 65822074
300 _a32पृ.
_c22सेमी (सजिल्द)
650 _aबौद्ध धर्म
650 _aBuddhism
650 _aमार्क्सवाद
650 _aMarxism
942 _2ddc
_cHN
_mअम्बेड
_h250
999 _c28244
_d28244